| 000 | 00756nam a2200241 i 4500 | ||
|---|---|---|---|
| 001 | 106050 | ||
| 003 | ES-MaACL | ||
| 005 | 20251015063112.0 | ||
| 007 | t| | ||
| 008 | 060922s1968 fr ||||1| fre d | ||
| 080 | _a32 Jaurès, Jean | ||
| 100 | 1 |
_aJaurès, Jean, _d1859-1914 _966196 |
|
| 245 | 1 | 0 |
_aCommentaire, controverse et discours / _cJean Jaurès. |
| 260 |
_aParis : _bRené Lefeuvre, _c1968. |
||
| 300 |
_a1 v. (pag. var.) ; _c19 cm. |
||
| 490 | 1 |
_aSpartacus. 2e. série ; _v16 |
|
| 500 | _aBiblioteca Juan Andrade. | ||
| 600 | 1 | 4 |
_aJaurès, Jean, _d1859-1914 _966196 |
| 650 | 1 | 7 |
_aSocialismo _2embne _917147 |
| 830 | 0 |
_aSpartacus. 2e. série ; _v16 _9185113 |
|
| 852 |
_aES-MaACL _jAND-716 _bR.110012 |
||
| 999 |
_c106050 _d106050 |
||